000
00299nam a2200121Ia 4500
008
190216s9999||||xx |||||||||||||| ||und||
100
_a
Crawford S Frank
245
0
_a
Waves-Berkeley Physics Course Vol 3
260
_b
Tata Mcgrawhill Publishers
300
_a
600
650
_a
Physics
942
_c
BK
999
_c
34357
_d
34357